Efecto de la modificación con polímero en la resistencia a la fatiga de mezclas asfálticas en caliente de tamaños nominales 9.5 y 12.5 mm
Gespeichert in:
| 1. Verfasser: | |
|---|---|
| Format: | Buch |
| Sprache: | Spanish |
| Veröffentlicht: |
[San José], Costa Rica
2014
|
| Schlagworte: | |
| Tags: |
Tag hinzufügen
Keine Tags, Fügen Sie den ersten Tag hinzu!
|
MARC
| LEADER | 00000nam a22000007a 4500 | ||
|---|---|---|---|
| 003 | 011914 | ||
| 005 | 20221231143901.0 | ||
| 008 | 150316b2014 cr a|||| |||| 00| 0 spa d | ||
| 040 | |c cru CEDI | ||
| 090 | |a TFG 7079 | ||
| 100 | |9 472 |a Paniagua Fernández, Julio César | ||
| 245 | |a Efecto de la modificación con polímero en la resistencia a la fatiga de mezclas asfálticas en caliente de tamaños nominales 9.5 y 12.5 mm | ||
| 260 | |a [San José], Costa Rica |c 2014 | ||
| 500 | |a Proyecto de graduación (licenciatura en ingeniería civil)--Universidad de Costa Rica. Facultad de Ingeniería. Escuela de Ingeniería Civil | ||
| 650 | |x MEZCLAS DE EMULSION ASFALTICA |x ASFALTO - ADITIVOS |x POLIMEROS |x PAVIMENTOS DE ASFALTO - CRAQUEO |9 473 | ||
| 942 | |c TFG | ||
| 999 | |c 13706 |d 13706 | ||
